000 00743nmm a2200217Ia 4500
008 251105s9999||||xx |||||||||||||||||und||
020 _a9789587842784
041 _aspa
100 _aGüiza-Suárez, Leonardo
245 0 _aEnergías renovables no convencionales y cambio climático: un análisis para Colombia
264 _a[Bogotá, Colombia] :
_bUniversidad del Rosario,
_c2019
300 _a410 páginas
490 _aTextos de Jurisprudencia
650 _aEnvironmental Sciences
700 _aGüiza-Suárez, Leonardo
700 1 _a Rodas Monsalve, Julio César
700 1 _a Cifuentes-Guerrero, Julie Alejandra
700 1 _a González, Juan Pablo
856 _uhttps://public.digitaliapublishing.com/a/65212
942 _cCF
999 _c66577
_d66577